| 000 | 01158cam a22003255a 4500 | ||
|---|---|---|---|
| 001 | 13696575 | ||
| 003 | ARRUPE | ||
| 005 | 20160926104924.0 | ||
| 008 | 040824s2004 gw b 000 0 eng d | ||
| 010 | _a 2004441038 | ||
| 020 | _a3805005156 | ||
| 035 | _a(OCoLC)ocm55602767 | ||
| 040 |
_aVCB _cVCB _dOCLCQ _dDLC |
||
| 042 | _alccopycat | ||
| 043 | _af-rh--- | ||
| 050 | 0 | 0 | _aBV3777.Z55M36 2004 |
| 082 | 0 | 0 |
_a266/.2689108996398 _222 |
| 100 | 1 |
_aManunga-Lukokisa, Godefroid. _926134 |
|
| 245 | 1 | 0 |
_aCatholic evangelization among the Ndebele of Zimbabwe / _cGodefroid Manunga-Lukokisa. |
| 260 |
_aNettetal : _bSteyler Verlag, _c2004. |
||
| 300 |
_a267 p. ; _c24 cm. |
||
| 440 | 0 |
_aStudia Instituti Missiologici Societatis Verbi Divini, _x0562-2816 ; _vNr. 84 _926135 |
|
| 504 | _aIncludes bibliographical references (p. 249-267). | ||
| 610 | 2 | 0 |
_aCatholic Church _zZimbabwe. _926136 |
| 650 | 0 |
_aEvangelistic work _zZimbabwe. _926137 |
|
| 650 | 0 |
_aNdebele (African people) _922246 |
|
| 906 |
_a7 _bcbc _ccopycat _d3 _encip _f20 _gy-gencatlg |
||
| 942 |
_2lcc _cMONOGRAPH |
||
| 999 |
_c125330 _d125330 |
||